| 000 | 01856nam0a2200385 4500 | ||
|---|---|---|---|
| 001 | RU\NLR\BIBL_A\012687154 | ||
| 005 | 20250627103858.0 | ||
| 010 |
_a978-5-00185-006-9 _bПросвещение-Союз |
||
| 010 |
_a978-5-09-086374-2 _bПросвещение _9700 |
||
| 021 |
_aRU _bКН-П-21-065071 _9КН-П-21-5132 |
||
| 035 | _a(NLR Aleph) 012687154 | ||
| 035 | _a(RuMoRGB)010811909 | ||
| 090 |
_a12834535 _c12834535 |
||
| 100 | _a20220118d2021 u y0rusy50 ca | ||
| 101 | 0 | _arus | |
| 102 | _aRU | ||
| 105 | _aa 000|y | ||
| 181 | 0 |
_ai2 _baxxe |
|
| 181 | 0 |
_ab2 _bxb2e |
|
| 182 | 1 | _an | |
| 200 | 1 |
_aЛучшие истории о лошадях. Рыжие, гнедые, вороные … _e[для детей старше 12-ти лет] _fредактор-составитель: Е. А. Павликова |
|
| 203 |
_aТекст _aИзображение _bвизуальные _cнепосредственные |
||
| 210 |
_aМосква _cПросвещение _d2021 |
||
| 215 |
_a205, [3] с. _cцв. ил. _d26 |
||
| 225 | 1 | _aМировая классика в иллюстрациях | |
| 327 | 1 | _aСодерж.: Холстомер (История лошади) / Л. Н. Толстой. Изумруд; Рыжие, гнедые, серые, вороные … / А. И. Куприн. Тоска / А. П. Чехов. Браслет Второй / Л. В. Брандт | |
| 517 | 1 | _aРыжие, гнедые, вороные … | |
| 606 | 1 |
_aЛошади _xв детской литературе _2nlr_sh2 _3RU\NLR\AUTH\6601699300 |
|
| 686 | 0 | _aШ9(2)62=Р5-4я43 | |
| 702 | 1 |
_aПавликова _bЕ. А. _gЕлена Александровна _4220 |
|
| 942 | _cBOOK | ||
| 980 | _aNB | ||